000 00630cab a2200241 4500
001 WB2350-32
008 090401t1987 xxu||||| |||| 00| 0 eng d
035 _a(Sirsi) u73016
041 _aeng
245 _aChannel Islands
260 _c1987
350 _a0
490 _aFinancial Times
_v16/12/87 pI-VIII (Loan)
520 _aA Financial Times survey on the Channel Islands which includes features on finance, investment and property .
650 _aALDERNEY
650 _aECONOMY
650 _aGUERNSEY
650 _aJERSEY
650 _aSARK
690 _aSPECIAL REPORTS
942 _n0
948 _c04/03/1997
999 _c46166
_d46166